Central Library OPAC University of Rajshahi
Normal view MARC view

Entry Personal Name

Number of records used in: 2

001 - CONTROL NUMBER

  • control field: 12636

003 - CONTROL NUMBER IDENTIFIER

  • control field: BD-RjUL

005 - DATE AND TIME OF LATEST TRANSACTION

  • control field: 20240418175116.0

008 - FIXED-LENGTH DATA ELEMENTS

  • fixed length control field: 240418|| aca||aabn | a|a d

040 ## - CATALOGING SOURCE

  • Original cataloging agency: BD-RjUL
  • Transcribing agency: BD-RjUL

100 ## - HEADING--PERSONAL NAME

  • Personal name: Sarker, Prafulla,Chandra, Supervisor

670 ## - SOURCE DATA FOUND

  • Source citation: Work cat.: (BD-RjUL)83545: Mahbubuzzaman, Abu Kamal Md. 12634, Self-employment of disadvantaged women supported by GOs and NGOs in Bangladesh : , 2003